Extracto del compendio histórico de la religión / (Record no. 162187)

MARC details
000 -LEADER
campo de control de longitud fija 00647nam a22001815i 4500
001 - NÚMERO DE CONTROL
campo de control 162187
003 - IDENTIFICADOR DE NÚMERO DE CONTROL
campo de control ES-MaACL
005 - FECHA Y HORA DE LA ÚLTIMA TRANSACCIÓN
campo de control 20250728110717.0
008 - DATOS DE LONGITUD FIJA--INFORMACIÓN GENERAL
campo de control de longitud fija 041102s1804 sp |||| | spa d
040 ## - FUENTE DE CATALOGACIÓN
Centro catalogador/agencia de origen CAM
Lengua de catalogación spa
Centro/agencia transcriptor CAM
100 1# - ENTRADA PRINCIPAL--NOMBRE DE PERSONA
Nombre de persona Pinton, José.
9 (RLIN) 92237
245 10 - MENCIÓN DEL TÍTULO
Título Extracto del compendio histórico de la religión /
Mención de responsabilidad, etc. compuesto, corregido y aumentado en esta nueva edición por Josef Pinton.
260 ## - PUBLICACIÓN, DISTRIBUCIÓN, ETC.
Lugar de publicación, distribución, etc. Madrid :
Nombre del editor, distribuidor, etc. [s.n.],
Fecha de publicación, distribución, etc. 1804 (
Fabricante Imprenta Real)
300 ## - DESCRIPCIÓN FÍSICA
Extensión 159 p. ;
Dimensiones 16 cm.
650 #7 - PUNTO DE ACCESO ADICIONAL DE MATERIA--TÉRMINO DE MATERIA
Término de materia o nombre geográfico como elemento de entrada Religión
Fuente del encabezamiento o término embne
9 (RLIN) 16797
852 ## - LOCALIZACIÓN
Ubicación ES-MaACL
Número de control de estantería R-2921
Nota libre -- Enc. pasta española
Encuadernación Olim:G-9924
Holdings
Estatus retirado Estado de pérdida Estado de daño No para préstamo Colección Biblioteca de origen Biblioteca actual Ubicación en estantería Fecha de adquisición Fuente de adquisición Total de préstamos Signatura topográfica completa Código de barras Visto por última vez Precio de reemplazo Tipo de ítem Koha
        Libros del s. XIX Biblioteca del Ateneo de Madrid Biblioteca del Ateneo de Madrid Depósito 17/01/2008     R-2921 1169909 23/02/2023 23/02/2023 Libro impreso antiguo